Bienvenue à la E-Bibliothèque de l’UEH

Bénéficiez l'accès à des milliers de ressources en ligne

La justice sociale en question ? / (notice nᵒ 14223)

détails MARC
000 -LEADER
fixed length control field 02619 a2200349 4500
001 - CONTROL NUMBER
control field OB-pusl-15273
003 - CONTROL NUMBER IDENTIFIER
control field FrMaCLE
005 - DATE AND TIME OF LATEST TRANSACTION
control field 20251214082825.0
007 - PHYSICAL DESCRIPTION FIXED FIELD--GENERAL INFORMATION
fixed length control field cu ||||||m||||
008 - FIXED-LENGTH DATA ELEMENTS--GENERAL INFORMATION
fixed length control field 190527e||||||||xx |||||s|||||||||0|fr|d
020 ## - INTERNATIONAL STANDARD BOOK NUMBER
International Standard Book Number 978-2-8028-0309-6
024 7# - OTHER STANDARD IDENTIFIER
Standard number or code 10.4000/books.pusl.15273
Source of number or code doi
040 ## - CATALOGING SOURCE
Original cataloging agency FR-FrMaCLE
041 ## - LANGUAGE CODE
Language code of text/sound track or separate title fra
100 1# - MAIN ENTRY--PERSONAL NAME
Personal name Association des dirigeants et cadres chrétiens (Belgique)
245 13 - TITLE STATEMENT
Title La justice sociale en question ? /
Statement of responsibility, etc. Association des dirigeants et cadres chrétiens (Belgique), Facultés universitaires Saint-Louis (Bruxelles).
260 ## - PUBLICATION, DISTRIBUTION, ETC.
Place of publication, distribution, etc. Bruxelles :
Name of publisher, distributor, etc. Presses universitaires Saint-Louis Bruxelles,
Date of publication, distribution, etc. 2019.
300 ## - PHYSICAL DESCRIPTION
Extent 359 p.
500 ## - GENERAL NOTE
General note Ebook
520 ## - SUMMARY, ETC.
Summary, etc. « Justice sociale » est pour tous aujourd’hui le nom d’un malaise et d’une tâche sans fin. Ce problème général, des praticiens l’ont relancé avec insistance durant deux années auprès d’amis engagés dans la recherche et l’enseignement en sciences humaines et morales. Les visées différentes ont fait apparaître d’abord que les solutions proposées et pratiquées au nom d’une doctrine politique ou économique restent de portée fort brève et engendrent ou accroissent souvent un climat de scepticisme, que ne compense pas le courage pourtant réel de l’action. De plus, en posant sérieusement la question de la justice sociale, chacune des disciplines ici concernées se voit obligée de reconnaître son enracinement dans deux évidences : la première, qu’il n’y a pas de limite supérieure à la dépense quand il s’agit d’assurer plus de dignité humaine; la seconde, qu’il faut que cette dépense soit efficace. Le savoir théorique tend par nature à séparer ces deux évidences en les rationalisant. Par contre, ceux que leur tâche quotidienne voue à promouvoir l’efficacité de la dépense perdent facilement de vue l’invitation dynamique que constitue l’infini de l’égale dignité pour tous. Puissent ces textes en leur incontestable naïveté amorcer un échange actif entre praticiens et théoriciens.
540 ## - TERMS GOVERNING USE AND REPRODUCTION NOTE
Terms governing use and reproduction OpenEdition Books License
Uniform Resource Identifier <a href="https://www.openedition.org/12554">https://www.openedition.org/12554</a>
650 #4 - SUBJECT ADDED ENTRY--TOPICAL TERM
Topical term or geographic name entry element Sociology
Topical term or geographic name entry element justice sociale
Topical term or geographic name entry element dignité humaine
Topical term or geographic name entry element dépense publique
Topical term or geographic name entry element invitation
Topical term or geographic name entry element théorie
Topical term or geographic name entry element pratique
700 1# - ADDED ENTRY--PERSONAL NAME
Personal name Facultés universitaires Saint-Louis (Bruxelles)
776 ## - ADDITIONAL PHYSICAL FORM ENTRY
International Standard Book Number 978-2-8028-0044-6
856 4# - ELECTRONIC LOCATION AND ACCESS
Data provenance Association des dirigeants et cadres chrétiens (Belgique)
Uniform Resource Identifier <a href="https://books.openedition.org/pusl/15273">https://books.openedition.org/pusl/15273</a>
Link text La justice sociale en question ?

Pas d'exemplaire disponible.

Bibliothèque universitaire de l'UEH
Portail centralisé donnant accès au catalogue, aux ressources numériques et aux productions scientifiques de l’Université d’État d’Haïti.

Plateformes institutionnelles

  • Dépôt institutionnel UEH
  • Revues scientifiques UEH
  • GED institutionnelle
  • UEH enseignement à distance

Contact

  • Adresse : 21 Rue Rivière, Port-au-Prince
  • Email : bibliotheque@ueh.edu.ht
  • Téléphone : +509 22-45-68-43 / 22-45-68-44
  • Heures : Lundi–Vendredi 8h–16h
© 2026 UEH – E-Bibliothèque de l’Université d’État d’Haïti | À propos | Confidentialité | Conditions | Mentions légales | Accessibilité | Plan du site | Contact